000
00344nam a2200145Ia 4500
008
150201s2002 xx 000 0 und d
082
_a
617.7
_b
T02A
100
_a
AGRAWAL, SUNITA
245
_a
TB. OF OPHTHALMOLOGY-1
250
_a
1ST
260
_b
JAYPEE BROTHERS
_a
DELHI
_c
2002
300
_a
1-548
650
_a
OPHTHALMOLOGY
942
_2
ddc
_c
BK
999
_c
105
_d
105